[Event "Loire Cup"]
[Site "Loire"]
[Date "2015.05.10"]
[Round "1.1"]
[White "Ben Habchi, Nordine"]
[Black "Deville, Olivier"]
[Result "0-1"]
[WhiteElo "1275"]
[BlackElo "1934"]
[PlyCount "62"]
[EventDate "2015.05.10"]
[EventType "team-swiss"]
[EventRounds "3"]
[EventCountry "FRA"]
[SourceTitle "EXT 2016"]
[Source "ChessBase"]
[SourceDate "2015.10.08"]
[SourceVersion "1"]
[SourceVersionDate "2015.10.08"]
[SourceQuality "1"]
[WhiteTeam "ESSE II"]
[BlackTeam "Aurec"]
[WhiteTeamCountry "FRA"]
[BlackTeamCountry "FRA"]

1. e4 c5 2. a4 Nc6 3. Bc4 e6 4. Nf3 d6 5. 0-0 Nf6 6. d3 Be7 7. Be3 0-0 8. Nbd2 Qc7 9. Re1 Re8 10. Nf1 d5 11. exd5 exd5 12. Bb3 Bg4 13. h3 Bh5 14. N1h2 Bd6 15. Qd2 Ne5 16. Nxe5 Bxe5 17. f4 Bxb2 18. Ra2 Bd4 19. c3 Bxe3+ 20. Rxe3 c4 21. Bc2 cxd3 22. Bxd3 Qc5 23. Nf1 Re7 24. Kh1 Rae8 25. Rxe7 Qxe7 26. Ng3 Qe1+ 27. Qxe1 Rxe1+ 28. Kh2 Rc1 29. Ra3 Rd1 30. Bf5 Rd2 31. Rb3 Bf3 0-1

[Event "Lyon op"]
[Site "Lyon"]
[Date "2005.04.21"]
[Round "7"]
[White "Ben Habchi, Nordine"]
[Black "Mehiaoui, Dounia"]
[Result "0-1"]
[WhiteElo "1499"]
[BlackElo "1670"]
[PlyCount "44"]
[EventDate "2005.04.16"]
[EventType "swiss"]
[EventRounds "9"]
[EventCountry "FRA"]
[SourceTitle "CBM 105 Extra"]
[Source "ChessBase"]
[SourceDate "2005.05.01"]
[SourceVersion "1"]
[SourceVersionDate "2005.05.01"]
[SourceQuality "1"]

1. d4 f5 2. c4 g6 3. Nc3 Bg7 4. Nf3 Nf6 5. e3 0-0 6. Bd3 d6 7. 0-0 Qe8 8. Re1 e5 9. d5 e4 10. Ng5 exd3 11. Qxd3 h6 12. Nf3 Nbd7 13. b4 Ne5 14. Nxe5 dxe5 15. Nb5 e4 16. Qb3 Qf7 17. Rd1 a6 18. Nc3 Rd8 19. a4 g5 20. Bb2 f4 21. Rd2 f3 22. g3 Qh5 0-1